Land tenure and rural development - case of Slovakia

Všeobecná charakteristika pôdneho fondu na Slovensku. Vlastníctvo poľnohospodárskej pôdy. Zahraniční vlastníci poľnohospodárskej pôdy na Slovensku. Cena poľnohospodárskej pôdy a trh s poľnohospodárskou pôdou na Slovensku.

Gespeichert in:
Bibliographische Detailangaben
1. Verfasser: Bandlerová, Anna
Weitere Verfasser: Schwarcz, Pavol, Marišová, Eleonóra
Format: Buchkapitel
Sprache:Englisch
Schlagworte:
Tags: Tag hinzufügen
Keine Tags, Fügen Sie das erste Tag hinzu!

MARC

LEADER 00000naa a2200000 4500
001 0143797
005 20231012083450.5
041 0 |a eng 
044 |a SK 
245 1 0 |a Land tenure and rural development - case of Slovakia  |c Anna Bandlerová, Pavol Schwarcz, Eleonóra Marišová 
520 |a Všeobecná charakteristika pôdneho fondu na Slovensku. Vlastníctvo poľnohospodárskej pôdy. Zahraniční vlastníci poľnohospodárskej pôdy na Slovensku. Cena poľnohospodárskej pôdy a trh s poľnohospodárskou pôdou na Slovensku. 
610 2 0 |a pôda poľnohospodárska 
610 2 0 |a trh 
610 2 0 |a vlastníctvo pozemkové 
610 2 0 |a nájomcovia 
610 2 0 |a cena pôdy 
610 2 0 |a hodnota pôdy 
610 2 0 |a cudzinci 
610 2 0 |a rozvoj územný 
610 2 0 |a vidiek 
610 2 0 |a Slovensko 
100 1 |a Bandlerová, Anna 
700 1 |a Schwarcz, Pavol 
700 1 |a Marišová, Eleonóra